000 00405nam a2200169Ia 4500
008 230711s9999||||xx |||||||||||||| ||und||
041 _aENG
082 _a625
_bYO-P
100 _aYoder,E.J
245 0 _aPrinciples of pavement design
250 _a2nd . Ed.
260 _c1975
_aNew York
_bJohn Wiley & Sons.Inc
300 _a711
650 _aCivil Engineering
700 _aWitczak,M.W
942 _cBK
999 _c4987
_d4987